Virtual reality in engineering /

Gespeichert in:
Bibliographische Detailangaben
Weitere Verfasser: Warwick, Kevin (Zusammenstellung)
Format: Buch
Sprache:Englisch
Veröffentlicht: London : Institution of Electrical Engineers, 1993
Schriftenreihe:IEE computing series 20
Schlagworte:
Tags: Tag hinzufügen
Keine Tags, Fügen Sie das erste Tag hinzu!

MARC

LEADER 00000nam a22000003a 4500
001 stu10040
005 20150617225803.9
008 970818s1993----uk------------------eng-d
020 |a 0-85296-803-5 
040 |a STU  |b slo 
041 0 |a eng 
044 |a uk 
080 |a 681.327.11.01  |7 stu_us_auth*stu5970 
080 |a 519.674 
080 |a 62.001.63 
084 |a C6180  |2 INS 
084 |a C6185  |2 INS  |7 stu_us_auth*stu6249 
084 |a C2020  |2 INS 
084 |a C6130B  |2 INS 
100 1 |a Warwick, Kevin  |4 com 
245 1 |a Virtual reality in engineering /  |c Edit. Warwick,Kevin a i 
260 |a London :  |b Institution of Electrical Engineers,  |c 1993 
300 |a 196 s 
650 7 |a virtuálna realita  |2 stusub 
650 7 |a počítačová grafika  |2 stusub 
650 7 |a informačné technológie  |2 stusub 
650 7 |a CAD  |2 stusub 
650 7 |a CAM  |2 stusub 
830 0 |a IEE computing series  |v 20 
996 |b EIEE-52  |c E*IEE-52  |l EE01  |s A  |a 24  |w stu10040_0001